| 000 | 00367nam a2200145Ia 4500 | ||
|---|---|---|---|
| 005 | 20250704014719.0 | ||
| 008 | 240331s9999 xx 000 0 und d | ||
| 082 |
_bABH _a920 |
||
| 100 | _aAbhayapala,H.W | ||
| 245 | 0 | _aKombakaduwa | |
| 260 |
_aColombo _bMercury Print Company _c1994 |
||
| 300 | _a172 p ., | ||
| 500 | _aA book of Death Deal of Kombakaduwa | ||
| 942 | _cL | ||
| 999 |
_c5279 _d5279 |
||